[Event "Dhaka Chowdhury Memorial op-B 2nd"]
[Site "Dhaka"]
[Date "2022.07.03"]
[Round "3"]
[White "Tipu, Sultan"]
[Black "Md Nesar, Uddin"]
[Result "0-1"]
[WhiteElo "1792"]
[BlackElo "1727"]
[PlyCount "97"]
[EventDate "2022.07.02"]
[EventType "swiss"]
[EventRounds "9"]
[EventCountry "BAN"]
[SourceTitle "EXT 2023"]
[Source "ChessBase"]
[SourceDate "2022.10.05"]
[SourceVersion "1"]
[SourceVersionDate "2022.10.05"]
[SourceQuality "1"]

1. e4 c5 2. Nf3 e6 3. c3 Nc6 4. d4 cxd4 5. cxd4 d6 6. Nc3 a6 7. Bd3 Nf6 8. Bg5 Be7 9. Rc1 0-0 10. 0-0 h6 11. Bh4 e5 12. d5 Nb8 13. h3 Nbd7 14. a3 Nb6 15. Nh2 Nfxd5 16. Bxe7 Nxe7 17. Bb1 Be6 18. Ng4 Ng6 19. Ne3 Nf4 20. Kh2 Nc4 21. Nf5 Rc8 22. g3 Ng6 23. Qe2 Qf6 24. Rfd1 Rfd8 25. Nd5 Bxd5 26. exd5 b5 27. a4 Ne7 28. Nxe7+ Qxe7 29. axb5 axb5 30. b3 Na3 31. Bd3 b4 32. Qe4 g6 33. Qxb4 Qa7 34. Kg2 Rb8 35. Qd2 Kg7 36. Rc6 Rxb3 37. Qa2 Rdb8 38. Ra6 Qc5 39. Rd2 Qxd5+ 40. Kh2 Qc5 41. Be4 Nc4 42. Rc6 Qb4 43. Re2 Qb5 44. Rc7 d5 45. Qa7 Nd6 46. Bf3 Rxf3 47. Rxe5 Qf1 48. Re2 Rb1 49. Qd4+ 0-1

[Event "Dhaka Walton op"]
[Site "Dhaka"]
[Date "2018.05.30"]
[Round "5"]
[White "Md Nesar, Uddin"]
[Black "Md Abu, Hanif"]
[Result "0-1"]
[WhiteElo "1738"]
[BlackElo "2024"]
[PlyCount "40"]
[EventDate "2018.05.26"]
[EventType "swiss"]
[EventRounds "9"]
[EventCountry "BAN"]
[SourceTitle "CBM 184 Extra"]
[Source "ChessBase"]
[SourceDate "2018.06.28"]
[SourceVersion "1"]
[SourceVersionDate "2018.06.28"]
[SourceQuality "1"]

1. d4 d5 2. Bf4 Bf5 3. e3 e6 4. Nf3 c5 5. c3 Qb6 6. Qb3 Nd7 7. Bb5 Ngf6 8. Ne5 a6 9. Nxd7 Qxb5 10. Nxf6+ gxf6 11. Nd2 c4 12. Qxb5+ axb5 13. 0-0 Kd7 14. Rfe1 b4 15. e4 Bg6 16. e5 fxe5 17. Bxe5 Rg8 18. g3 bxc3 19. bxc3 Ba3 20. Re3 Bb2 0-1

[Event "Dhaka op"]
[Site "Dhaka"]
[Date "2016.06.24"]
[Round "1"]
[White "Ikramul, Haque Siam"]
[Black "Md Nesar, Uddin"]
[Result "1-0"]
[WhiteElo "2223"]
[BlackElo "1751"]
[PlyCount "65"]
[EventDate "2016.06.24"]
[EventType "swiss"]
[EventRounds "9"]
[EventCountry "BAN"]
[SourceTitle "EXT 2017"]
[Source "ChessBase"]
[SourceDate "2016.10.25"]
[SourceVersion "1"]
[SourceVersionDate "2016.10.25"]
[SourceQuality "1"]

1. Nf3 Nf6 2. c4 c5 3. d4 cxd4 4. Nxd4 a6 5. Nc3 e6 6. g3 Bc5 7. Bg2 Nc6 8. Nxc6 bxc6 9. 0-0 Qc7 10. Na4 Ba7 11. b3 h5 12. Bf4 e5 13. Bg5 Ng4 14. h3 f6 15. Bd2 Nh6 16. Qc2 Kf7 17. c5 Bb7 18. Rad1 Rad8 19. Be4 Ke7 20. Bg6 Nf7 21. Qc4 d5 22. cxd6+ Nxd6 23. Bb4 c5 24. Rxd6 Rxd6 25. Nxc5 Bd5 26. Nxa6 Bxc4 27. Nxc7 Bxe2 28. Re1 Kd7 29. Bxd6 Kxd6 30. Ne8+ Ke7 31. Rxe2 Rh6 32. Nxg7 Rxg6 33. Nxh5 1-0